000 00494nam a2200181Ia 4500
001 40860
008 140424s9999 xx 000 0 und d
020 _a8177559273
040 _cPK-LaUMT
082 _a 291.17
_bCLE-R
100 _aClemen, Carl
245 _aReligions of the world
_btheir nature and their history
_cClemen, Carl<>Dallas, A. K.
260 _aNew Delhi,India:
_bCommonwealth Publishers,
_c2005
300 _a482 p.
546 _aEN
700 _aDallas, A. K.
942 _cBK
999 _c40032
_d40032